000 00402nam a2200133Ia 4500
008 100328s9999 xx 000 0 und d
082 _b32218
100 _aजोशी का. अ.
245 _aसती सावित्री
260 _bकुमार साहित्य
630 _aसती सावित्री
730 _aसती सावित्री
942 _cBOOK
999 _c523016
_d523013